E18(上信越道)のIC - Statistics

General Stats
  • This quiz has been taken 236 times
  • The average score is 24 of 32
Answer Stats
Answers % Correct
IC 長野
94%
JCT 藤岡
90%
IC/PA 藤岡
90%
SA 横川
89%
IC 佐久
89%
JCT 上越
87%
JCT 更埴
85%
IC 小諸
83%
IC/SA 東部湯の丸
83%
SA 妙高
81%
IC 富岡
80%
IC 碓氷軽井沢
79%
PA/SIC 佐久平
79%
IC 下仁田
78%
PA/SIC 甘楽
77%
IC 妙高高原
75%
IC 松井田妙義
74%
PA/SIC 新井
73%
IC 信濃町
72%
IC 信州中野
71%
IC 上田菅平
70%
IC 坂城
70%
PA/SIC 小布施
70%
IC 須坂長野東
68%
JCT 佐久小諸
67%
IC 上越高田
63%
PA 千曲川さかき
60%
PA 松代
56%
IC 豊田飯山
52%
IC 吉井
51%
PA 黒姫野尻湖
50%
IC 中郷
46%
No matching quizzes found
Score Distribution
Percent of People with Each Score
Percentile by Number Answered
Your Score History
You have not taken this quiz